=LDR 00000nam 2200000 4500 =001 INLIS000000000027640 =005 20130612130011 =008 ***********************************Ind** =035 ##$$a0010-061300000027640 =041 ##$$a Ind =082 ##$$a 621.31 =090 ##$$a 621.31, Ari b =100 ##$$a Arismunandar, Artono =245 ##$$a Buku pegangan teknik tenaga listrik, Artono Arismunandar, Susumu kuwahara =260 ##$$a 2004 $b Jakarta =300 ##$$a Jil, ilus, 30 cm =650 ##$$a Listrik-Tenaga =700 ##$$a Kuwahara, Susumu =850 ##$$a NBPNMAT =990 ##$$a 92397/BPAP-NTB/2014 =990 ##$$a 0001/BPAP-NTB/20142014 =990 ##$$a 96659665 =990 ##$$a 01201709665 =990 ##$$a 92397/BPAP-NTB/2014 =990 ##$$a 0001/BPAP-NTB/20142014